000 00853nam a22002537a 4500
005 20170123162318.0
010 _aA-770681
020 _c15.00
_a8172017863
035 _aA-770681
037 _bCen Lib/Ret
040 _aDPL
_bUR
082 _a840.8
_bم ن ٹ
100 _aوارث علوی
_9115570
245 _aسعادت حسن منٹو /
_bوارث علوی
246 _aSaadat Hasan Manto /
_bby Varis Alvi
260 _aنیی دہلی
_bساہتیہ اکادمی
_c1995
270 _bنیی دہلی
_aرویندرا بھوں ٣٥، فیروز شاہ مارگ
_e110002
300 _a100p.
_c21cm(Hb)
650 _aاردو ادب
_9115571
650 _aاردو سوانح عمری
_9115572
650 _aUrdu literature
_9115573
650 _aUrdu biography
_9511
942 _2ddc
_cUR
_h840.8
_mم ن ٹ
999 _c106847
_d106847